| 000 | 00700nam a2200181Ia 4500 | ||
|---|---|---|---|
| 008 | 100920s9999 xx 000 0 und d | ||
| 082 |
_b65140 _a28 व 891,43 थ 92 |
||
| 100 | _aगुप्ता विजय. | ||
| 245 | _aहमारे बहादुर बच्चे. | ||
| 260 |
_bसूचना और प्रसारण मन्त्रालय, भारत सरकार. _c1992 |
||
| 300 |
_a44 _bसाधी |
||
| 365 | _b15 | ||
| 520 | _aबा.वि.हिंदी. | ||
| 630 | _aहमारे बहादुर बच्चे. | ||
| 650 | _aबा.वि.हिंदी. | ||
| 730 | _aहमारे बहादुर बच्चे. | ||
| 942 | _cBOOK | ||
| 999 |
_c708026 _d708023 |
||